000
00292nam a2200109Ia 4500
008
201217s9999 xx 000 0 und d
100
_a
Cheng, Philip C.
245
0
_a
Financial Management in the Shipping Industry
260
_a
Centreville
_b
Cornell Maritime Press
300
_a
360
942
_c
BK
999
_c
7683
_d
7683